LEADER 01058nam 2200325 n 450 001 996388090903316 005 20221108014240.0 035 $a(CKB)1000000000625847 035 $a(EEBO)2240889938 035 $a(UnM)99852586 035 $a(EXLCZ)991000000000625847 100 $a19920506d1637 uy | 101 0 $aeng 135 $aurbn||||a|bb| 200 04$aThe lady of pleasure$b[electronic resource] $eA comedie, as it vvas acted by her Majesties Servants, at the private House in Drury Lane. Written by James Shirly 210 $aLondon $cPrinted by Tho. Cotes, for Andrew Crooke, and William Cooke$d1637 215 $a[72] p 300 $aIn verse. 300 $aSignatures: A² B-I⁴ K² . 300 $aReproduction of the original in the British Library. 330 $aeebo-0018 700 $aShirley$b James$f1596-1666.$0195674 801 0$bCu-RivES 801 1$bCu-RivES 801 2$bCStRLIN 801 2$bWaOLN 906 $aBOOK 912 $a996388090903316 996 $aLady of Pleasure$91718586 997 $aUNISA LEADER 01442nam0 22003371i 450 001 UON00324622 005 20231205104154.977 010 $a978-87-7304-328-8 100 $a20090619d2007 |0itac50 ba 101 $adan 102 $aDK 105 $a|||| 1|||| 200 1 $aLidt om Vibeke Kruse$ekong Christian 4.s sidste samlever$faf Sune Dalgrd 210 $aKbenhavn$cKongelige Dansk Videnskabernes Selskab$d2007 215 $a68 p.$cill.$d24 cm. 410 1$1001UON00044484$12001 $aHistorisk-Filosofiske Meddelelser$v95 606 $aCRISTIANO $xBiografia$3UONC071953$2FI 606 $aDANIMARCA$xSovrani$3UONC071952$2FI 606 $aDANIMARCA$xStoria$x1588-1648$3UONC071951$2FI 606 $aDonna$xDanimarca$xBiografia$3UONC071949$2FI 606 $aKRUSE VIBEKE$3UONC071950$2FI 620 $aDK$dCopenhagen$3UONL000180 676 $a948.903$cStoria della Danimarca. Periodo dell'unione con la Norvegia, 1523-1814$v21 700 1$aDALGARD$bSune$3UONV184983$0699729 712 $aKongelige Danske Videnskabernes Selskab$3UONV259866$4650 801 $aIT$bSOL$c20250801$gRICA 899 $aSIBA - SISTEMA BIBLIOTECARIO DI ATENEO$2UONSI 912 $aUON00324622 950 $aSIBA - SISTEMA BIBLIOTECARIO DI ATENEO$dSI Dan I a DAL $eSI LO 72621 5 996 $aLidt om Vibeke Kruse$91369965 997 $aUNIOR